| 000 | 00627nam a2200217 i 4500 | ||
|---|---|---|---|
| 001 | bg | ||
| 100 | 1 | _aPIEŃKOWSKI, Kazimierz | |
| 245 | 1 | 0 |
_aMechanika płynów / _cKazimierz Pieńkowski. |
| 260 |
_aBiałystok : _bWydawnictwa PB, _c1993. |
||
| 300 |
_a318 s. : _bfot., rys., wykr. ; _c23 cm. |
||
| 490 | 1 | _aSkrypty / Politechnika Białostocka | |
| 504 | _aBibliogr. s. 318. | ||
| 650 | 9 | _aMechanika płynów | |
| 655 | _aPodręczniki akademickie | ||
| 830 | 0 | _aSkrypty (Politechnika Białostocka) | |
| 040 | _cBPK | ||
| 041 | 0 | _apl | |
| 080 | _a532(075.8) | ||
| 942 | _cKS | ||
| 008 | s pl f |000 0 pol | ||
| 999 |
_c6754 _d6754 |
||
| 856 |
_uhttp://koha.tu.koszalin.pl/cgi-bin/koha/opac-detail.pl?biblionumber=6754 _yKatalog online BPK |
||